Novedades agropecuarias internacionales (Registro nro. 8914)

Detalles MARC
000 -LEADER
fixed length control field 00872nas a2200253 454500
001 - CONTROL NUMBER
control field 43779
005 - DATE AND TIME OF LATEST TRANSACTION
control field 20260407193511.0
008 - FIXED-LENGTH DATA ELEMENTS--GENERAL INFORMATION
fixed length control field 260407s1993####ag###########|||spa#d
003 - CONTROL NUMBER IDENTIFIER
control field AR-UNSa-BCEJYS
040 ## - CATALOGING SOURCE
Original cataloging agency AR-UNSa-BCEJYS
Language of cataloging spa
Transcribing agency AR-UNSa-BCEJYS
080 ## - UNIVERSAL DECIMAL CLASSIFICATION NUMBER
Universal Decimal Classification number 631
Common auxiliary subdivision Agricultura en general
041 ## - LANGUAGE CODE
Language code of text/sound track or separate title spa
100 1# - MAIN ENTRY--PERSONAL NAME
Personal name Argentina. Ministerio de Economía y Obras y Servicios Públicos. Secretaría de Agricultura Ganadería y Pesca (SAGyP)
245 10 - TITLE STATEMENT
Title Novedades agropecuarias internacionales
264 #1 - PRODUCTION, PUBLICATION, DISTRIBUTION, MANUFACTURE, AND COPYRIGHT NOTICE
Place of production, publication, distribution, manufacture Buenos Aires :
Name of producer, publisher, distributor, manufacturer SAGyP
Date of production, publication, distribution, manufacture, or copyright notice 1993
310 ## - CURRENT PUBLICATION FREQUENCY
Current publication frequency Frecuencia: Quincenal
590 ## - LOCAL NOTE (RLIN)
Local note niveau_biblio:s niveau_hierar:1
650 ## - SUBJECT ADDED ENTRY--TOPICAL TERM
Topical term or geographic name entry element Producción agrícola
650 ## - SUBJECT ADDED ENTRY--TOPICAL TERM
Topical term or geographic name entry element PRODUCCION AGRARIA
650 ## - SUBJECT ADDED ENTRY--TOPICAL TERM
Topical term or geographic name entry element SECTOR AGRARIO
650 ## - SUBJECT ADDED ENTRY--TOPICAL TERM
Topical term or geographic name entry element GANADERIA
856 41 - ELECTRONIC LOCATION AND ACCESS
Uniform Resource Identifier <a href="https://biblioeco.unsa.edu.ar/pmb/images/revistas/R21382.jpg">https://biblioeco.unsa.edu.ar/pmb/images/revistas/R21382.jpg</a>
Link text Imagen de portada
Electronic format type image/jpeg
942 ## - ADDED ENTRY ELEMENTS (KOHA)
Koha item type
Existencias
Withdrawn status Lost status Damaged status Not for loan Home library Current library Shelving location Date acquired Serial enumeration / chronology Total checkouts Full call number Barcode Date last seen Price effective from Koha item type
        Biblioteca Prof. Eusebio Cleto del Rey Biblioteca Prof. Eusebio Cleto del Rey   01/11/1994 Nº 11/12 - nov./dic. 1994 - ene./feb. 1995   H631 NAI 11/12 R21389 10/04/2026 10/04/2026 Numero
        Biblioteca Prof. Eusebio Cleto del Rey Biblioteca Prof. Eusebio Cleto del Rey   15/03/1994 Nº 5 - mar. 1994   H631 NAI 5 R21382 10/04/2026 10/04/2026 Numero
        Biblioteca Prof. Eusebio Cleto del Rey Biblioteca Prof. Eusebio Cleto del Rey   15/02/1994 Nº 3 - feb. 1994   H631 NAI 3 R21388 10/04/2026 10/04/2026 Numero